01006nam a2200205 i 450000100060000000300090000600500170001500700030003200800410003508000120007610000480008824503090013626000490044530000280049450000410052265000660056385200250062999900170065495201290067167909ES-MaACL20250626063141.0t|040216s1786 sp ||||1| spa d a616-0071 aGalli i Camps, Lleonard, d1751-183095361410aObservación de una niña que nació viva sin cerebro, cerebelo, y médula oblongada b: illustrada con una memoria sobre los principios de la criminalidad, en la cual se dan varias razones de la posibilidad de este y otros fenomenos de la máquina animal / cpor el licenciado Don Leonardo Galli... aBarcelona : bpor Raymundo Martí, c[1786] a[20], 100 p. ; c20 cm. aFecha tomada de la Licencia (p. 100)14aMalformaciones congénitas-vObras anteriores a 1800.914743 aES-MaACLjR-3430(5)  c67909d67909 001040708LIBXVIIIaATENEOMbATENEOMcDEPOd2008-01-17eSCl0oR-3430(5)p1071097r2023-02-23 00:00:00w2023-02-23yMONANT